<?xml version="1.0" encoding="UTF-8"?>
<record
    xmlns:xsi="http://www.w3.org/2001/XMLSchema-instance"
    xsi:schemaLocation="http://www.loc.gov/MARC21/slim http://www.loc.gov/standards/marcxml/schema/MARC21slim.xsd"
    xmlns="http://www.loc.gov/MARC21/slim">

  <leader>00924nam a22002177a 4500</leader>
  <controlfield tag="003">DO-SdBNP</controlfield>
  <controlfield tag="005">20250205112416.0</controlfield>
  <controlfield tag="008">210901b           ||||| |||| 00| 0 eng d</controlfield>
  <datafield tag="020" ind1=" " ind2=" ">
    <subfield code="a">9789945494457</subfield>
  </datafield>
  <datafield tag="040" ind1=" " ind2=" ">
    <subfield code="a">DO-SdBNP</subfield>
    <subfield code="b">spa</subfield>
    <subfield code="c">BNPHU</subfield>
  </datafield>
  <datafield tag="082" ind1=" " ind2=" ">
    <subfield code="a">xxx</subfield>
    <subfield code="b">C386</subfield>
  </datafield>
  <datafield tag="110" ind1=" " ind2=" ">
    <subfield code="a">Vicepresidencia de la Rep&#xFA;blica Dominica.</subfield>
    <subfield code="9">79678</subfield>
  </datafield>
  <datafield tag="245" ind1="1" ind2="0">
    <subfield code="a">Los ccpp como estrategia para el desarrollo de capacidades :</subfield>
    <subfield code="b">aportes en la generaci&#xF3;n de ingresos y en la creaci&#xF3;n de capital social /</subfield>
    <subfield code="c">Coordinaci&#xF3;n general, Margarita Cede&#xF1;o ; Investigador principal Jerson del Rosario</subfield>
  </datafield>
  <datafield tag="260" ind1=" " ind2=" ">
    <subfield code="a">Santo Domingo :</subfield>
    <subfield code="b">Observatorio de Pol&#xED;ticas Sociales y desarrollo,</subfield>
    <subfield code="c">2000?</subfield>
  </datafield>
  <datafield tag="300" ind1=" " ind2=" ">
    <subfield code="a">57 p.:</subfield>
    <subfield code="b">il. ;</subfield>
    <subfield code="c">29 cm</subfield>
  </datafield>
  <datafield tag="590" ind1=" " ind2=" ">
    <subfield code="a">Inventariado, 2021 / DG</subfield>
  </datafield>
  <datafield tag="700" ind1="1" ind2=" ">
    <subfield code="a">Cede&#xF1;o de Fern&#xE1;ndez, Margarita</subfield>
    <subfield code="d">1965-</subfield>
    <subfield code="e">Coordinaci&#xF3;n general</subfield>
    <subfield code="9">37198</subfield>
  </datafield>
  <datafield tag="700" ind1=" " ind2=" ">
    <subfield code="a">Rosario, Jerson, Del</subfield>
    <subfield code="e">Investigador principal</subfield>
    <subfield code="9">70943</subfield>
  </datafield>
  <datafield tag="910" ind1=" " ind2=" ">
    <subfield code="a">D/G</subfield>
  </datafield>
  <datafield tag="942" ind1=" " ind2=" ">
    <subfield code="2">ddc</subfield>
    <subfield code="c">LBS1</subfield>
  </datafield>
  <datafield tag="952" ind1=" " ind2=" ">
    <subfield code="0">0</subfield>
    <subfield code="1">0</subfield>
    <subfield code="2">ddc</subfield>
    <subfield code="5">1</subfield>
    <subfield code="7">0</subfield>
    <subfield code="8">MO</subfield>
    <subfield code="a">BNPHU</subfield>
    <subfield code="b">PD</subfield>
    <subfield code="c">HD</subfield>
    <subfield code="d">2021-09-01</subfield>
    <subfield code="l">0</subfield>
    <subfield code="o">xxx C386</subfield>
    <subfield code="p">2021-25917</subfield>
    <subfield code="r">2021-09-01</subfield>
    <subfield code="w">2021-09-01</subfield>
    <subfield code="y">LBS1</subfield>
  </datafield>
  <datafield tag="952" ind1=" " ind2=" ">
    <subfield code="0">0</subfield>
    <subfield code="1">0</subfield>
    <subfield code="2">ddc</subfield>
    <subfield code="5">1</subfield>
    <subfield code="7">0</subfield>
    <subfield code="8">MO</subfield>
    <subfield code="a">BNPHU</subfield>
    <subfield code="b">PD</subfield>
    <subfield code="c">HD</subfield>
    <subfield code="d">2021-09-01</subfield>
    <subfield code="l">0</subfield>
    <subfield code="o">xxx C386</subfield>
    <subfield code="p">2021-25918</subfield>
    <subfield code="r">2021-09-01</subfield>
    <subfield code="t">e.2</subfield>
    <subfield code="w">2021-09-01</subfield>
    <subfield code="y">LBS1</subfield>
  </datafield>
  <datafield tag="952" ind1=" " ind2=" ">
    <subfield code="0">0</subfield>
    <subfield code="1">0</subfield>
    <subfield code="2">ddc</subfield>
    <subfield code="5">6</subfield>
    <subfield code="7">0</subfield>
    <subfield code="8">MO</subfield>
    <subfield code="a">BNPHU</subfield>
    <subfield code="b">DO</subfield>
    <subfield code="c">HD</subfield>
    <subfield code="d">2021-09-01</subfield>
    <subfield code="l">0</subfield>
    <subfield code="o">xxx C386</subfield>
    <subfield code="p">2021-25919</subfield>
    <subfield code="r">2021-09-01</subfield>
    <subfield code="t">e.3</subfield>
    <subfield code="w">2021-09-01</subfield>
    <subfield code="y">LBS1</subfield>
  </datafield>
  <datafield tag="999" ind1=" " ind2=" ">
    <subfield code="c">50354</subfield>
    <subfield code="d">50354</subfield>
  </datafield>
</record>
